|
|
|
|
| LEADER |
00975cam a22002414i 4500 |
| 001 |
18070918 |
| 003 |
GR-PaULI |
| 005 |
20210117210414.0 |
| 008 |
140318s2014 nyu 001 0 eng |
| 020 |
|
|
|a 9781137373106 (χαρτόδετο)
|
| 040 |
|
|
|a GR-PaULI
|c GR-PaULI
|b gre
|e AACR2
|d
|
| 041 |
|
|
|a eng
|
| 082 |
0 |
0 |
|a 378.2
|2 23
|
| 100 |
1 |
|
|a Peabody, Rebecca
|9 162466
|e συγγραφέας.
|
| 245 |
1 |
4 |
|a The unruly PhD :
|b doubts, detours, departures, and other success stories /
|c by Rebecca Peabody.
|
| 260 |
|
|
|a Basingstoke :
|b Palgrave Macmillan,
|c 2014.
|
| 300 |
|
|
|a xv, 181 σ. ;
|c 22 εκ.
|
| 500 |
|
|
|a Περιλαμβάνει ευρετήριο
|
| 650 |
|
0 |
|a Διδακτορικοί σπουδαστές
|9 162469
|
| 942 |
|
|
|2 ddc
|c BK15
|
| 952 |
|
|
|0 0
|1 0
|2 ddc
|4 0
|6 378_200000000000000_PEA
|7 0
|9 213191
|a PTDE
|b PTDE
|c BSC
|d 2017-06-14
|i 11719
|l 0
|o 378.2 PEA
|p 025000211417
|r 2017-06-14 00:00:00
|t 1
|v 2017.00
|w 2017-06-14
|y BK15
|
| 998 |
|
|
|c ΤΣΕΝΕ
|d 2017-06
|
| 999 |
|
|
|c 129561
|d 129561
|